| 000 | 00872cam a2200289Ia 4500 | ||
|---|---|---|---|
| 999 |
_c9565 _d9565 |
||
| 001 | 40342085 | ||
| 003 | OCoLC | ||
| 005 | 20210118151144.0 | ||
| 008 | 981118r19981996miu e b 000 0 eng d | ||
| 020 | _a0800756665 (paper) | ||
| 020 | _a9780800756666 (paper) | ||
| 035 | _a(OCoLC)40342085 | ||
| 040 |
_aGZD _cGZD _dOCLCG _dYDXCP _dATH |
||
| 050 | 4 |
_aHQ777 _b.B38 1996 |
|
| 050 | 4 |
_aHQ777 _b.B38 1996 |
|
| 100 | 1 |
_aBeausay, William, _d1957- |
|
| 245 | 1 | 0 |
_aGirls! : _bhelping your little girl become an extraordinary woman / _cWilliam and Kathryn Beausay. |
| 250 | _aPaperback ed. | ||
| 260 |
_aGrand Rapid, Mich. : _bF.H. Revell, _c1998, c1996. |
||
| 300 |
_a235 p. ; _c21 cm. |
||
| 504 | _aIncludes bibliographical references (p. 235). | ||
| 650 | 0 | _aGirls. | |
| 650 | 0 | _aChild rearing. | |
| 650 | 0 | _aDaughters. | |
| 700 | 1 | _aBeausay, Kathryn. | |
| 942 |
_2ddc _cBK |
||